Tìm hiểu pháp luật Hoa Kỳ trong điều kiện Việt Nam hội nhập kinh tế khu vực và thế giới / Phạm Duy Nghĩa (Chủ biên)

Tìm hiểu pháp luật Hoa Kỳ trong điều kiện Việt Nam hội nhập kinh tế khu vực và thế giới

Tallennettuna:
Bibliografiset tiedot
Päätekijä: Phạm Duy Nghĩa
Aineistotyyppi: Kirja
Kieli:Vietnamese
Julkaistu: Chính trị quốc gia 2001
Aiheet:
Tagit: Lisää tagi
Ei tageja, Lisää ensimmäinen tagi!
Thư viện lưu trữ: Mạng thư viện Đại học Đà Nẵng
LEADER 01373cam a22003371a 4500
001 000035618
003 11905
005 20160401000000.0
008 160318s2001 vm 000 vie
041 |a vie 
082 |a 346  |b PH-N 
100 |a Phạm Duy Nghĩa 
245 |a Tìm hiểu pháp luật Hoa Kỳ trong điều kiện Việt Nam hội nhập kinh tế khu vực và thế giới / Phạm Duy Nghĩa (Chủ biên)  |c Phạm Duy Nghĩa 
260 |a Chính trị quốc gia  |c 2001 
300 |a 383tr; mh; 20cm 
520 |a Tìm hiểu pháp luật Hoa Kỳ trong điều kiện Việt Nam hội nhập kinh tế khu vực và thế giới 
650 |a Tìm hiểu pháp luật Hoa Kỳ trong điều kiện Việt Nam hội nhập kinh tế khu vực và thế giới / Phạm Duy 
852 |b Chuyên đề  |c Sách tham khảo 
OWN |a LNN 
AVA |a UDN50  |b LNN  |d 346 PH-N  |e available  |t Error 5001 Not defined in file expand_doc_bib_avail.  |f 1  |g 0  |h N  |i 0  |k 1 
999 |a From the UDN01 
AVA |a UDN50  |b LNN  |d 346 PH-N  |e available  |t Error 5001 Not defined in file expand_doc_bib_avail.  |f 1  |g 0  |h N  |i 0  |k 1 
TYP |a Monograph 
TYP |a Printed language 
980 |a Mạng thư viện Đại học Đà Nẵng